Junta Jeneral de Beneficiencia: Informe del presidente al Secretario Jeneral del Estado Soberano de Cundinamarca. 1877. (Registro nro. 233307)

Detalles MARC
001 - NÚMERO DE CONTROL
campo de control 726684
005 - FECHA Y HORA DE LA ÚLTIMA TRANSACCIÓN
campo de control 20260506092800.0
008 - DATOS DE LONGITUD FIJA--INFORMACIÓN GENERAL
campo de control de longitud fija 020318s1877 spa
035 ## - NÚMERO DE CONTROL DEL SISTEMA
Número de control de sistema 726684
040 ## - FUENTE DE LA CATALOGACIÓN
Centro/agencia transcriptor comduadb
041 ## - CÓDIGO DE LENGUA
Código de lengua del texto/banda sonora o título independiente spa
080 ## - NÚMERO DE LA CLASIFICACIÓN DECIMAL UNIVERSAL
Número de la Clasificación Decimal Universal FM/
110 20 - ENTRADA PRINCIPAL--NOMBRE DE ENTIDAD CORPORATIVA
Nombre de entidad corporativa o nombre de jurisdicción como elemento de entrada Cundinamarca (Colombia). Junta General de Beneficiencia
Código de función aut
Término indicativo de función/relación Autor/a
9 (RLIN) 830875
245 10 - MENCIÓN DE TÍTULO
Título Junta Jeneral de Beneficiencia: Informe del presidente al Secretario Jeneral del Estado Soberano de Cundinamarca. 1877.
260 ## - PUBLICACIÓN, DISTRIBUCIÓN, ETC.
Lugar de publicación, distribución, etc. Bogotá :
Nombre del editor, distribuidor, etc. Imprenta de Echeverria,
Fecha de publicación, distribución, etc. 1877.
300 ## - DESCRIPCIÓN FÍSICA
Extensión 45p. (Documento 5 de FM/342)
650 ## - PUNTO DE ACCESO ADICIONAL DE MATERIA--TÉRMINO DE MATERIA
Término de materia o nombre geográfico como elemento de entrada Cundinamarca (Colombia). Junta General de Beneficencia - Informes, 1877
9 (RLIN) 95565
650 ## - PUNTO DE ACCESO ADICIONAL DE MATERIA--TÉRMINO DE MATERIA
Término de materia o nombre geográfico como elemento de entrada Obregón, Juan - Informes
9 (RLIN) 94918
650 ## - PUNTO DE ACCESO ADICIONAL DE MATERIA--TÉRMINO DE MATERIA
Término de materia o nombre geográfico como elemento de entrada Sociedades de beneficencia - Cundinamarca
9 (RLIN) 82742
700 10 - ENTRADA AGREGADA--NOMBRE PERSONAL
Nombre de persona Obregon, Juan
Código de función aut
Término indicativo de función/relación Autor/a
9 (RLIN) 343003
773 0# - ENLACE AL DOCUMENTO FUENTE/ENTRADA DE REGISTRO ANFITRIÓN
Título Sentencia del Tribunal Superior de Antioquia en el juicio ejecutivo de Marco A. Ochoa V. contra Rafael A. Velez R.
Número de control del registro 726656
Número bibliográfico anfitrión 232586
942 ## - ELEMENTOS DE ENTRADA AGREGADA (KOHA)
Tipo de ítem Koha Capítulo de Libro
Existencias
Estado de retiro Estado de pérdida Estado dañado No para préstamo Código de colección Localización permanente Ubicación/localización actual Fecha de adquisición Número de inventario Total de préstamos Signatura topográfica completa Fecha visto por última vez Número de copia Precio válido a partir de Tipo de ítem Koha
        Colección Patrimonio Documental. Piso 4 Biblioteca Carlos Gaviria Díaz, Campus Medellín Biblioteca Carlos Gaviria Díaz, Campus Medellín 20/03/2002 C727425   FM 342 24/04/2023 1 24/04/2023 Libros - Reserva